LEADER 01713nam a2200289 4500 001 000000341123 003 CaOOAMICUS 005 20241111104336.0 008 200715s1727 it 000 u ita r 026 $ae-t. ora, toto sola (3) 1727 (Q) 040 $aSeMil$bita 110 21$aConfraternita del suffragio dei morti in S. Giovanni in Era .$0(OLS)http://semarc/name/111755 245 00$a1726. Instromento, e capitoli di convenzione fatta da signori confratelli della ven. Congregazione del suffragio de morti, sotto gli auspicii del Transito della B. V. Maria, eretta nella Chiesa di S. Giovanni in era in Porta Orientale di Milano, per il funerale de medemi confratelli. 264 1$c[1727] 300 $a32, [4] p. ;$c4° 500 $aIniz., fregi xilogr. 500 $aLe ultime [4] p. contengono: Avviso a' signori confratelli descritti nel v. Consorzio intitolato il suffragio de' morti ... 500 $aData di pubblicazione presunta a c. [C]1r 500 $aSegn.: A-B? [C]² 650 4$aCongregazioni e confraternite religiose - Milano - Sec. 16.-18.$0(OLS)http://semarc/subject/49109 752 $aIT$dMilano 850 $aSeMil 852 $aSeMil$W1$xVenegono$y1$m3Z V 17/5 FA$j219884$B232118$CSeMilBibl$Z2$F232118 $8I 941 1 $a10 996 $6245$a1726. Instromento, e capitoli di convenzione fatta da signori confratelli della ven. Congregazione del suffragio de morti, sotto gli auspicii del Transito della B. V. Maria, eretta nella Chiesa di S. Giovanni in era in Porta Orientale di Milano, per il funerale de medemi confratelli$9(OLS)http://semarc/title/430182 996 $6264$a[S.l.] :$b[s.n.]$9(OLS)http://semarc/publisher/0 LEADER 01490nam a2200313 i 4500 001 000000237683 003 CaOOAMICUS 005 20150108000000.0 008 150108n it u000 u ita u 013 $a216588 040 $aSeMil$bita 100 0 $aPius XII,$c.$0(OLS)http://semarc/name/6093 245 12$aL'Università Cattolica mirabile opera di carità cristiana :$bconferenza tenuta il 6 settembre 1933 a Roma in occasione della 17. Settimana sociale dei cattolici d'Italia ... /$cEugenio Pacelli. 260 $aMilano :$bVita e Pensiero,$cstampa 1963. 300 $a19 p. ;$c22 cm. 490 0 $aVivat crescat floreat 500 $aFondo card. Giovanni Colombo. 650 4$aMilano - Università Cattolica del Sacro Cuore.$0(OLS)http://semarc/subject/9811 830 0$aVivat crescat floreat.$0(OLS)http://semarc/title/18576 850 $aSeMil 852 $aSeMil$W1$xVenegono$y1$m3GC VIII 214/11$j188029$B188029$CSeMilBibl$Z2$F206818 $8B 900 1 $aPacelli, Eugenio,$d<1876-1958>. 900 0 $aPio XII$c. 941 1 $a3 961 $aLascito: Colombo Card. Giovanni 996 $6245$aL'Università Cattolica mirabile opera di carità cristiana :$bconferenza tenuta il 6 settembre 1933 a Roma in occasione della 17. Settimana sociale dei cattolici d'Italia ...$9(OLS)http://semarc/title/338804 996 $6260$aMilano :$bVita e Pensiero$9(OLS)http://semarc/publisher/29642